Normal view
MARC view
- شركات الادوية-ادارة-الاردن
Entry Topical Term
001 - CONTROL NUMBER
- control field: 63218
003 - CONTROL NUMBER IDENTIFIER
- control field: JO-AjAnu
005 - DATE AND TIME OF LATEST TRANSACTION
- control field: 20230606084324.0
008 - FIXED-LENGTH DATA ELEMENTS
- fixed length control field: 230606|| aca||aabn | a|a d
040 ## - CATALOGING SOURCE
- Original cataloging agency: JO-AjAnu
- Transcribing agency: JO-AjAnu
150 ## - HEADING--TOPICAL TERM
- Topical term or geographic name entry element: شركات الادوية-ادارة-الاردن
670 ## - SOURCE DATA FOUND
- Source citation: Work cat.: (JO-AjAnu)32231: اعداد العريان، رزان عبد الله محمد؛ اشراف علي فلاح مفلح الزعبي, author 63217, اثر اساليب التفكير الاستراتيجي على ممارسات ادارة المواهب في شركات الادوية الاردنية: النظم الخبيرة كمتغير معدل = The Impact of Strategic Thinking on Talent Management Practices in Jordanian Pharmaceutical Companies, Expert Systems: as a Moderated Variable